[Event "RA CC Active"]
[Site "Ottawa CAN"]
[Date "1997.03.06"]
[Round "6"]
[White "Saleh, Maher"]
[Black "Pacey, Kevin"]
[Result "1-0"]
[WhiteElo "2306"]
[BlackElo "2237"]
[PlyCount "37"]
[GameId "2160767911966452"]
[EventDate "1997.02.27"]
[EventType "swiss"]
[EventRounds "8"]
[EventCountry "CAN"]
[SourceTitle "EXT 2022"]
[Source "ChessBase"]
[SourceDate "2021.10.06"]
[SourceVersion "1"]
[SourceVersionDate "2021.10.06"]
[SourceQuality "1"]

1. Nf3 f5 2. g3 g6 3. Bg2 Bg7 4. d4 d6 5. O-O c6 6. b3 Nh6 7. Bb2 O-O 8. Nbd2 f4 9. Ne4 fxg3 10. hxg3 Nf5 11. c4 d5 12. cxd5 cxd5 13. Nc3 Nc6 14. e3 e6 15. Rc1 Bd7 16. Ne1 Be8 17. Nd3 g5 18. Nc5 Qe7 19. Nxe6 1-0

[Event "RA CC Active"]
[Site "Ottawa CAN"]
[Date "1997.03.13"]
[Round "7"]
[White "Pacey, Kevin"]
[Black "Van Adel, Steven"]
[Result "1-0"]
[WhiteElo "2237"]
[BlackElo "2095"]
[PlyCount "63"]
[GameId "2160767911966454"]
[EventDate "1997.02.27"]
[EventType "swiss"]
[EventRounds "8"]
[EventCountry "CAN"]
[SourceTitle "EXT 2022"]
[Source "ChessBase"]
[SourceDate "2021.10.06"]
[SourceVersion "1"]
[SourceVersionDate "2021.10.06"]
[SourceQuality "1"]

1. Nf3 Nf6 2. c4 g6 3. Nc3 Bg7 4. g3 d6 5. Bg2 O-O 6. O-O c6 7. d4 Nbd7 8. e4 e5 9. h3 h6 10. Be3 Re8 11. Qc2 Qe7 12. Rfe1 a6 13. Rad1 Nh5 14. Kh2 g5 15. b4 Nhf6 16. a4 b6 17. g4 Bb7 18. a5 b5 19. c5 dxc5 20. dxc5 Red8 21. Ne2 Nf8 22. Ng3 Ne6 23. Nf5 Qc7 24. Nd6 Ne8 25. Nxb7 Qxb7 26. Rxd8 Rxd8 27. Rd1 Qc7 28. Kg1 Nd4 29. Nxd4 exd4 30. Bc1 Qd7 31. Rd3 Nc7 32. Qe2 1-0

[Event "RA CC ch"]
[Site "Ottawa CAN"]
[Date "1997.01.09"]
[Round "1"]
[White "Pacey, Kevin"]
[Black "Kirby, Patrick"]
[Result "1-0"]
[WhiteElo "2222"]
[BlackElo "1950"]
[PlyCount "83"]
[GameId "2160767911999569"]
[EventDate "1997.01.09"]
[EventType "swiss"]
[EventRounds "7"]
[EventCountry "CAN"]
[SourceTitle "EXT 2022"]
[Source "ChessBase"]
[SourceDate "2021.10.06"]
[SourceVersion "1"]
[SourceVersionDate "2021.10.06"]
[SourceQuality "1"]

1. e4 c5 2. Nf3 e6 3. Nc3 a6 4. g3 Nc6 5. Bg2 Nf6 6. O-O d6 7. d3 Be7 8. Ng5 O-O 9. f4 Rb8 10. Kh1 Nd4 11. e5 Nd7 12. exd6 Bxd6 13. Nce4 Be7 14. Be3 b6 15. g4 h6 16. Nh3 f5 17. c3 Nb5 18. gxf5 exf5 19. Ng3 Nf6 20. Qb3+ Kh8 21. Rad1 Nc7 22. d4 Be6 23. d5 Bg8 24. c4 Nfe8 25. Qc2 Nd6 26. Nf2 Qe8 27. Rde1 Qd7 28. Nd3 Bf6 29. Ne5 Bxe5 30. fxe5 Nb7 31. e6 Nxe6 32. dxe6 Bxe6 33. Bf4 Rbe8 34. Rd1 Qc8 35. Rfe1 a5 36. Qb3 Rf7 37. Qxb6 Rfe7 38. Qc6 Qa8 39. Re5 Bxc4 40. Rxe7 Rxe7 41. Nxf5 Rf7 42. Be5 1-0

[Event "RA CC ch"]
[Site "Ottawa CAN"]
[Date "1997.01.16"]
[Round "2"]
[White "Talajic, Milenko"]
[Black "Pacey, Kevin"]
[Result "1-0"]
[WhiteElo "2099"]
[BlackElo "2222"]
[PlyCount "77"]
[GameId "2160767911999571"]
[EventDate "1997.01.09"]
[EventType "swiss"]
[EventRounds "7"]
[EventCountry "CAN"]
[SourceTitle "EXT 2022"]
[Source "ChessBase"]
[SourceDate "2021.10.06"]
[SourceVersion "1"]
[SourceVersionDate "2021.10.06"]
[SourceQuality "1"]

1. d4 Nf6 2. c4 e6 3. Nc3 Bb4 4. e3 c5 5. a3 Bxc3+ 6. bxc3 Nc6 7. Nf3 b6 8. d5 Na5 9. Be2 Ba6 10. dxe6 fxe6 11. Nd2 O-O 12. O-O Ne8 13. Bb2 Qc7 14. Qc2 Nd6 15. Rad1 Ndxc4 16. Nxc4 Bxc4 17. Bxc4 Nxc4 18. Bc1 Rf7 19. Qe4 d5 20. Qxe6 Qd7 21. Qxd5 Rd8 22. Qh5 Qc7 23. f4 Rfd7 24. e4 Rxd1 25. Rxd1 Rxd1+ 26. Qxd1 Qd6 27. Qxd6 Nxd6 28. e5 Nb5 29. c4 Nd4 30. Kf2 Nb3 31. Be3 Na5 32. Kf3 Nxc4 33. Bc1 Na5 34. Ke4 c4 35. Bb2 Nb3 36. Kd5 b5 37. Kc6 a6 38. Kb6 Nd2 39. Kxa6 1-0

[Event "RA CC ch"]
[Site "Ottawa CAN"]
[Date "1997.01.23"]
[Round "3"]
[White "Pacey, Kevin"]
[Black "Kosich, Dusan"]
[Result "1-0"]
[WhiteElo "2222"]
[BlackElo "1716"]
[PlyCount "51"]
[GameId "2160767911999573"]
[EventDate "1997.01.09"]
[EventType "swiss"]
[EventRounds "7"]
[EventCountry "CAN"]
[SourceTitle "EXT 2022"]
[Source "ChessBase"]
[SourceDate "2021.10.06"]
[SourceVersion "1"]
[SourceVersionDate "2021.10.06"]
[SourceQuality "1"]

1. Nf3 d5 2. g3 c5 3. c4 d4 4. b4 cxb4 5. a3 e6 6. d3 Nc6 7. Bg2 bxa3 8. O-O Be7 9. Bxa3 Bxa3 10. Nxa3 Nf6 11. Qb3 O-O 12. Rfb1 Nd7 13. Nc2 e5 14. Nb4 Nxb4 15. Qxb4 Qc7 16. Qe7 Qd8 17. Qd6 Re8 18. Bh3 Nf6 19. Qxd8 Rxd8 20. Bxc8 Raxc8 21. Rxb7 Rd7 22. Raxa7 Rxb7 23. Rxb7 Re8 24. Rb5 Nd7 25. Rd5 f6 26. Rxd7 1-0

[Event "RA CC ch"]
[Site "Ottawa CAN"]
[Date "1997.01.30"]
[Round "4"]
[White "Hubley, Roger"]
[Black "Pacey, Kevin"]
[Result "0-1"]
[WhiteElo "2080"]
[BlackElo "2222"]
[PlyCount "78"]
[GameId "2160767911999575"]
[EventDate "1997.01.09"]
[EventType "swiss"]
[EventRounds "7"]
[EventCountry "CAN"]
[SourceTitle "EXT 2022"]
[Source "ChessBase"]
[SourceDate "2021.10.06"]
[SourceVersion "1"]
[SourceVersionDate "2021.10.06"]
[SourceQuality "1"]

1. e4 e5 2. Nf3 Nc6 3. Bb5 a6 4. Ba4 Nf6 5. O-O Nxe4 6. d4 b5 7. Bb3 d5 8. dxe5 Be6 9. Be3 Be7 10. c3 O-O 11. Nbd2 Bg4 12. Nxe4 dxe4 13. Qd5 exf3 14. Qxc6 fxg2 15. Qxg2 Qd7 16. Qg3 Qf5 17. f3 Bh5 18. Rad1 Rad8 19. Bd5 Bg6 20. Rd2 c6 21. Be4 Qe6 22. Bxg6 hxg6 23. Rfd1 Qxa2 24. Qg4 Qe6 25. Qxe6 fxe6 26. Kg2 Rd5 27. f4 a5 28. b3 Kf7 29. c4 Rxd2+ 30. Rxd2 Rd8 31. Rxd8 Bxd8 32. cxb5 cxb5 33. Kf3 Ke8 34. Ke4 Kd7 35. Bc5 Be7 36. Bb6 a4 37. bxa4 bxa4 38. h3 Kc6 39. Ba7 Bc5 0-1

[Event "RA CC ch"]
[Site "Ottawa CAN"]
[Date "1997.02.06"]
[Round "5"]
[White "Pacey, Kevin"]
[Black "Patterson, Roger"]
[Result "1/2-1/2"]
[WhiteElo "2222"]
[BlackElo "2279"]
[PlyCount "91"]
[GameId "2160767911999576"]
[EventDate "1997.01.09"]
[EventType "swiss"]
[EventRounds "7"]
[EventCountry "CAN"]
[SourceTitle "EXT 2022"]
[Source "ChessBase"]
[SourceDate "2021.10.06"]
[SourceVersion "1"]
[SourceVersionDate "2021.10.06"]
[SourceQuality "1"]

1. d4 d5 2. Nc3 Bf5 3. Bg5 h6 4. Bh4 c6 5. e3 Nd7 6. Bd3 Bxd3 7. cxd3 Qb6 8. Nge2 e6 9. O-O Be7 10. Bg3 Ngf6 11. Na4 Qd8 12. b4 O-O 13. Qb3 Ne8 14. Rfc1 Bd6 15. Nc5 Bxg3 16. hxg3 Nd6 17. a4 a6 18. Nc3 Nb8 19. Qb2 Qe7 20. Rab1 Rc8 21. a5 Nd7 22. Nxd7 Qxd7 23. Na4 Qe7 24. Nb6 Re8 25. Nxa8 Rxa8 26. Qc2 Nb5 27. Qc5 Qd7 28. Rd1 Rd8 29. Rd2 Qc7 30. Rbd1 Rd7 31. e4 Qd8 32. f4 Qf6 33. e5 Qf5 34. Rf1 g6 35. Rf3 Kg7 36. Kf2 Qh5 37. Rd1 Qf5 38. Rh1 h5 39. Ke3 f6 40. Rh4 Rf7 41. Kf2 Kg8 42. Qb6 Rd7 43. Ke3 Kg7 44. Qc5 Rf7 45. Kf2 Kg8 46. Ke3 1/2-1/2

[Event "RA CC ch"]
[Site "Ottawa CAN"]
[Date "1997.02.13"]
[Round "6"]
[White "Pacey, Kevin"]
[Black "Sarkar, Prosanto"]
[Result "1-0"]
[WhiteElo "2222"]
[BlackElo "2316"]
[PlyCount "70"]
[GameId "2160767911999579"]
[EventDate "1997.01.09"]
[EventType "swiss"]
[EventRounds "7"]
[EventCountry "CAN"]
[SourceTitle "EXT 2022"]
[Source "ChessBase"]
[SourceDate "2021.10.06"]
[SourceVersion "1"]
[SourceVersionDate "2021.10.06"]
[SourceQuality "1"]

1. e4 c5 2. Nf3 d6 3. d4 cxd4 4. Nxd4 a6 5. c4 Nf6 6. Nc3 e6 7. Be2 Be7 8. O-O Qc7 9. Be3 Nbd7 10. Rc1 b6 11. f4 O-O 12. Bf3 Bb7 13. f5 e5 14. Nd5 Qd8 15. Ne2 Nxd5 16. cxd5 b5 17. Qd2 Rc8 18. Rxc8 Qxc8 19. g4 f6 20. h4 Bd8 21. Ng3 Bb6 22. Bxb6 Nxb6 23. Rc1 Qb8 24. g5 Rc8 25. gxf6 Rxc1+ 26. Qxc1 gxf6 27. Nh5 Nd7 28. Kh1 Kf7 29. Qh6 Qh8 30. Ng3 Qg8 31. Kh2 Ke7 32. Nh5 Qh8 33. Ng7 Nc5 34. Ne6 Nd3 35. b3 Qg8 1-0

[Event "RA CC ch"]
[Site "Ottawa CAN"]
[Date "1997.02.20"]
[Round "7"]
[White "Awate, Avinash"]
[Black "Pacey, Kevin"]
[Result "1/2-1/2"]
[WhiteElo "2350"]
[BlackElo "2222"]
[PlyCount "100"]
[GameId "2160767911999580"]
[EventDate "1997.01.09"]
[EventType "swiss"]
[EventRounds "7"]
[EventCountry "CAN"]
[SourceTitle "EXT 2022"]
[Source "ChessBase"]
[SourceDate "2021.10.06"]
[SourceVersion "1"]
[SourceVersionDate "2021.10.06"]
[SourceQuality "1"]

1. e4 Nc6 2. d3 e5 3. g3 Nf6 4. Bg2 d5 5. exd5 Nxd5 6. Nc3 Nxc3 7. bxc3 Bc5 8. Nf3 O-O 9. O-O Bg4 10. h3 Bh5 11. Rb1 Rb8 12. Qe1 Re8 13. Qe4 Bb6 14. Ng5 Bg6 15. Qc4 Na5 16. Qa4 c5 17. Be3 c4 18. Bxb6 axb6 19. Ne4 f5 20. Nd2 cxd3 21. cxd3 Qxd3 22. Rxb6 Qxd2 23. Qxa5 e4 24. Qb4 Bf7 25. Rxb7 Rxb7 26. Qxb7 Qxa2 27. Rd1 Be6 28. Qc7 Qe2 29. Rd8 Rxd8 30. Qxd8+ Kf7 31. Qd4 Qd3 32. Qxd3 exd3 33. Kf1 g5 34. Ke1 f4 35. Kd2 fxg3 36. fxg3 Bf5 37. g4 Bg6 38. Bf1 Be4 39. Bxd3 Bg2 40. Bxh7 Bxh3 41. Bf5 Kf6 42. c4 Ke5 43. Kc3 Kd6 44. Kb4 Bf1 45. Kb5 Be2 46. Bc8 Kc7 47. Be6 Kd6 48. Bf5 Bf1 49. Kb4 Be2 50. c5+ Kc6 1/2-1/2

[Event "RA CC ch"]
[Site "Ottawa CAN"]
[Date "1997.02.20"]
[Round "7"]
[White "Hillyard, Larry"]
[Black "Wright, James"]
[Result "0-1"]
[WhiteElo "1352"]
[BlackElo "1489"]
[PlyCount "60"]
[GameId "2160767911999582"]
[EventDate "1997.01.09"]
[EventType "swiss"]
[EventRounds "7"]
[EventCountry "CAN"]
[SourceTitle "EXT 2022"]
[Source "ChessBase"]
[SourceDate "2021.10.06"]
[SourceVersion "1"]
[SourceVersionDate "2021.10.06"]
[SourceQuality "1"]

1. e4 c5 2. Nf3 Nc6 3. d4 cxd4 4. Nxd4 g6 5. Nc3 Bg7 6. Be3 Nf6 7. Bc4 Qa5 8. O-O O-O 9. a3 a6 10. Qd2 Nxe4 11. Nb3 Nxd2 12. Nxa5 Nxf1 13. Nxc6 Nxe3 14. Nxe7+ Kh8 15. fxe3 Re8 16. Ncd5 Bxb2 17. Rf1 Rf8 18. Nf4 Kg7 19. Rf3 Bxa3 20. Nh5+ gxh5 21. Nf5+ Kh8 22. Nh6 f6 23. Rg3 d5 24. Bxd5 Bg4 25. h3 Bd6 26. e4 Bxg3 27. hxg4 hxg4 28. Nxg4 f5 29. exf5 Rxf5 30. c4 Re8 0-1

[Event "RA O'Keefe"]
[Site "Ottawa CAN"]
[Date "1997.09.11"]
[Round "1"]
[White "Pacey, Kevin"]
[Black "Laszlo, Robert"]
[Result "1-0"]
[WhiteElo "2280"]
[BlackElo "2027"]
[PlyCount "79"]
[GameId "2160767911932073"]
[EventDate "1997.09.11"]
[EventType "swiss"]
[EventRounds "8"]
[EventCountry "CAN"]

1. d4 Nf6 2. Nc3 d5 3. Bg5 Bf5 4. Bxf6 exf6 5. e3 Bb4 6. Bd3 Bxc3+ 7. bxc3 Bxd3 8. cxd3 O-O 9. Ne2 f5 10. O-O c6 11. Nf4 Qg5 12. c4 dxc4 13. dxc4 Nd7 14. Rb1 Rfb8 15. Qf3 Qg4 16. Qxg4 fxg4 17. Nd3 Nf6 18. f3 b6 19. Kf2 gxf3 20. gxf3 Re8 21. e4 Rad8 22. d5 Nxe4+ 23. fxe4 Rxe4 24. Rfc1 cxd5 25. cxd5 Rd4 26. Nb4 Rd2+ 27. Kg1 g6 28. Rd1 Re2 29. Re1 Rd2 30. Rbd1 Rb2 31. Nc6 Rd6 32. Nxa7 b5 33. a3 Ra6 34. d6 Rxa3 35. d7 Raa2 36. d8=Q+ Kg7 37. Qd4+ Kh6 38. Qf4+ Kg7 39. Rd7 Rg2+ 40. Kh1 1-0

[Event "RA O'Keefe"]
[Site "Ottawa CAN"]
[Date "1997.09.25"]
[Round "3"]
[White "Pacey, Kevin"]
[Black "Arseneau, Peter"]
[Result "1-0"]
[WhiteElo "2306"]
[BlackElo "1856"]
[PlyCount "95"]
[GameId "2160767911932074"]
[EventDate "1997.09.11"]
[EventType "swiss"]
[EventRounds "8"]
[EventCountry "CAN"]

1. d4 Nf6 2. Nc3 d5 3. Bg5 Bf5 4. Bxf6 exf6 5. e3 Bb4 6. Bd3 Qd7 7. Nge2 O-O 8. O-O Re8 9. Bxf5 Qxf5 10. Qd3 Qd7 11. e4 dxe4 12. Nxe4 f5 13. N4c3 Na6 14. a3 Bf8 15. Qf3 c6 16. Rad1 g6 17. d5 Rad8 18. dxc6 Qxc6 19. Qxc6 bxc6 20. Nd4 Rd6 21. Nb3 Red8 22. Rxd6 Rxd6 23. Re1 Nc7 24. Kf1 Ne6 25. Rd1 Rxd1+ 26. Nxd1 Bg7 27. Na5 c5 28. c3 Kf8 29. Nc6 a6 30. Ne3 Nf4 31. Nc4 Nd3 32. Ke2 Nc1+ 33. Kd2 Nb3+ 34. Kc2 Na1+ 35. Kd3 Ke8 36. Nb8 Bh6 37. Nxa6 Nb3 38. Nd6+ Ke7 39. Nb7 Bf4 40. Naxc5 Nxc5+ 41. Nxc5 Bxh2 42. b4 Kd6 43. a4 Bg1 44. Ke2 f4 45. a5 Kc6 46. Nd3 g5 47. Ne5+ Kb7 48. Nf3 1-0

[Event "RA O'Keefe"]
[Site "Ottawa CAN"]
[Date "1997.10.02"]
[Round "4"]
[White "Armstrong, John"]
[Black "Pacey, Kevin"]
[Result "1/2-1/2"]
[WhiteElo "2299"]
[BlackElo "2310"]
[PlyCount "83"]
[GameId "2160767911932075"]
[EventDate "1997.09.11"]
[EventType "swiss"]
[EventRounds "8"]
[EventCountry "CAN"]

1. d4 d5 2. g3 Nf6 3. Bg2 c6 4. Nf3 Bg4 5. Ne5 Bh5 6. Nd2 Nbd7 7. Ndf3 e6 8. O-O Be7 9. c4 Nxe5 10. Nxe5 Nd7 11. Bf4 Nxe5 12. Bxe5 O-O 13. Qd3 Qb6 14. b3 Bg6 15. Qe3 Rfe8 16. Qf4 Rac8 17. Bh3 Bf8 18. Rfd1 Qd8 19. Qd2 Bd6 20. Bxd6 Qxd6 21. Rac1 Rcd8 22. Bg2 Re7 23. b4 Be4 24. f3 Bg6 25. e4 dxc4 26. Rxc4 f6 27. f4 e5 28. fxe5 fxe5 29. d5 Bf7 30. Qc3 Be8 31. Bf3 cxd5 32. exd5 Bb5 33. Rc5 Ba4 34. Re1 b6 35. Rc8 Rxc8 36. Qxc8+ Re8 37. Qc3 Bd7 38. a3 Re7 39. Be4 Rf7 40. Qd3 g6 41. Rc1 Kg7 42. Kg2 1/2-1/2

[Event "RA O'Keefe"]
[Site "Ottawa CAN"]
[Date "1997.10.09"]
[Round "5"]
[White "Pacey, Kevin"]
[Black "Saleh, Maher"]
[Result "1-0"]
[WhiteElo "2310"]
[BlackElo "2316"]
[PlyCount "89"]
[GameId "2160767911932076"]
[EventDate "1997.09.11"]
[EventType "swiss"]
[EventRounds "8"]
[EventCountry "CAN"]

1. d4 Nf6 2. c4 g6 3. Nc3 d5 4. cxd5 Nxd5 5. e4 Nxc3 6. bxc3 Bg7 7. Bc4 c5 8. Ne2 Nc6 9. Be3 O-O 10. O-O Qc7 11. Rc1 Rd8 12. Kh1 e6 13. f4 Na5 14. Bd3 f5 15. Ng1 b6 16. Nf3 Bb7 17. exf5 Bxf3 18. Qxf3 exf5 19. Rcd1 c4 20. Be2 Nb7 21. Rfe1 Nd6 22. Qd5+ Qf7 23. Bf3 Rac8 24. Bc1 Ne8 25. Qe6 Nf6 26. Ba3 Re8 27. Qxf7+ Kxf7 28. Re5 Ng4 29. Bd5+ Kf6 30. Rde1 Nf2+ 31. Kg1 Ne4 32. Bxe4 fxe4 33. R1xe4 Rxe5 34. dxe5+ Kf5 35. Rd4 Rc7 36. Bd6 Rc8 37. Kf2 g5 38. fxg5 Kxg5 39. Kf3 Kf5 40. Rf4+ Ke6 41. Ke4 b5 42. Rg4 Bh6 43. Rh4 Bg5 44. Rxh7 a5 45. a3 1-0

[Event "RA O'Keefe"]
[Site "Ottawa CAN"]
[Date "1997.10.16"]
[Round "6"]
[White "Djerkovic, Miladin"]
[Black "Pacey, Kevin"]
[Result "0-1"]
[WhiteElo "2369"]
[BlackElo "2314"]
[PlyCount "88"]
[GameId "2160767911932077"]
[EventDate "1997.09.11"]
[EventType "swiss"]
[EventRounds "8"]
[EventCountry "CAN"]

1. e4 e6 2. d4 d5 3. Nc3 Bb4 4. e5 c5 5. a3 Bxc3+ 6. bxc3 Qc7 7. Nf3 b6 8. Bb5+ Bd7 9. Bd3 Ba4 10. h4 cxd4 11. cxd4 Qc3+ 12. Bd2 Qxd3 13. cxd3 Bxd1 14. Kxd1 Nc6 15. h5 h6 16. Ke2 Nge7 17. g4 Kd7 18. Rab1 Rac8 19. Be3 Rc7 20. Rhc1 Rhc8 21. Kd2 Na5 22. Rxc7+ Rxc7 23. Nh4 Rc8 24. f4 g6 25. hxg6 fxg6 26. f5 gxf5 27. gxf5 exf5 28. Bxh6 Nac6 29. Ke3 Rg8 30. Nf3 Rg2 31. Rg1 Ra2 32. Rg7 Rxa3 33. Bg5 b5 34. Bf6 f4+ 35. Kxf4 Rxd3 36. Rh7 b4 37. e6+ Kxe6 38. Bxe7 Nxe7 39. Ng5+ Kd6 40. Nf7+ Kc7 41. Ke5 b3 42. Kf6 b2 43. Ne5 b1=Q 44. Rxe7+ Kb6 0-1

[Event "RA O'Keefe"]
[Site "Ottawa CAN"]
[Date "1997.10.23"]
[Round "7"]
[White "Pacey, Kevin"]
[Black "Patterson, Roger"]
[Result "1/2-1/2"]
[WhiteElo "2310"]
[BlackElo "2162"]
[PlyCount "92"]
[GameId "2160767911932078"]
[EventDate "1997.09.11"]
[EventType "swiss"]
[EventRounds "8"]
[EventCountry "CAN"]

1. d4 d5 2. e3 Nf6 3. Bd3 Bg4 4. f3 Bh5 5. c4 e6 6. cxd5 Nxd5 7. Nc3 Nb4 8. Be4 c6 9. Nge2 Nd7 10. O-O Bd6 11. a3 Nd5 12. Bc2 Qc7 13. g3 Nxc3 14. bxc3 g5 15. e4 Be7 16. c4 O-O-O 17. Qe1 c5 18. Be3 Rhf8 19. Ba4 f5 20. exf5 exf5 21. Nc3 cxd4 22. Nd5 Qc5 23. Nxe7+ Qxe7 24. Bxd4 Qxe1 25. Raxe1 Nb6 26. Bxb6 axb6 27. Re6 Rd4 28. Rxb6 Rxc4 29. Bb3 Rc3 30. Bd5 Bf7 31. Rf6 Rc7 32. Rxf5 Kd8 33. Bxf7 Rcxf7 34. Rxg5 Rxf3 35. Rxf3 Rxf3 36. Rg8+ Kc7 37. Rg7+ Kc6 38. Rxh7 Rxa3 39. g4 b5 40. g5 b4 41. Rh8 Ra5 42. h4 Rb5 43. Rc8+ Kd7 44. Rc1 b3 45. Kf2 b2 46. Rb1 Ke6 1/2-1/2

[Event "RA O'Keefe"]
[Site "Ottawa CAN"]
[Date "1997.10.30"]
[Round "8"]
[White "Pagayatan, Noel"]
[Black "Pacey, Kevin"]
[Result "0-1"]
[WhiteElo "2047"]
[BlackElo "2310"]
[PlyCount "100"]
[GameId "2160767911932079"]
[EventDate "1997.09.11"]
[EventType "swiss"]
[EventRounds "8"]
[EventCountry "CAN"]

1. e4 Nc6 2. Nf3 e6 3. d4 d5 4. Nbd2 Nf6 5. e5 Nd7 6. Bb5 a5 7. c3 Be7 8. O-O O-O 9. Re1 Ncb8 10. Nf1 b6 11. Bf4 Ba6 12. Bd3 c5 13. Rc1 Bxd3 14. Qxd3 Na6 15. N1d2 Re8 16. Re3 Nf8 17. Qe2 Ng6 18. Bg3 Qd7 19. h4 Rec8 20. h5 Nf8 21. Bf4 Nc7 22. Bg5 cxd4 23. cxd4 Bxg5 24. Nxg5 Nb5 25. Rxc8 Rxc8 26. Qg4 Rc1+ 27. Kh2 h6 28. Nh3 Nc7 29. Rg3 Ne8 30. Qf4 Qa4 31. Nb3 Rc2 32. Qxh6 Qxa2 33. Qg5 Qxb2 34. h6 g6 35. Qg4 a4 36. Ng5 Rxf2 37. Rf3 Qe2 38. h7+ Nxh7 39. Nc1 Qc2 40. Nxf7 Rxf3 41. Qxf3 Qxc1 42. Nd8 Ng5 43. Qd3 Qf4+ 44. Kg1 Qe4 45. Qd2 Qf5 46. Qc3 Ne4 47. Qc6 Qf2+ 48. Kh2 Qh4+ 49. Kg1 Qxd8 50. Qxe6+ Kg7 0-1

[Event "RA Spring op"]
[Site "Ottawa CAN"]
[Date "1997.03.15"]
[Round "1"]
[White "Pacey, Kevin"]
[Black "Winterton, Ken"]
[Result "1-0"]
[WhiteElo "2220"]
[BlackElo "2067"]
[PlyCount "89"]
[GameId "2160767911966296"]
[EventDate "1997.03.15"]
[EventType "swiss"]
[EventRounds "5"]
[EventCountry "CAN"]

1. e4 e5 2. Nf3 Qe7 3. Nc3 c6 4. d4 d6 5. a4 a5 6. h3 Nf6 7. dxe5 dxe5 8. Bc4 h6 9. O-O g6 10. b3 Nbd7 11. Ba3 Nc5 12. Ne1 Bg7 13. Nd3 Nfd7 14. Qe2 O-O 15. Qe3 b6 16. Ne2 Re8 17. Nec1 Kh7 18. Nxc5 Nxc5 19. Nd3 Bf8 20. Nxc5 bxc5 21. Rad1 Qg5 22. Bxf7 Re7 23. Qxg5 hxg5 24. Bc4 Rd7 25. Rxd7+ Bxd7 26. Rd1 Ra7 27. Bb2 Bg7 28. f3 Bf6 29. Bc3 Be8 30. Kf2 Kg7 31. Rd6 Ra8 32. Ke2 Ra7 33. g3 Bd7 34. Bxa5 Be7 35. Bb6 Rb7 36. Ba6 Rxb6 37. Rxd7 Kf7 38. Bc4+ Ke8 39. Ra7 Rb8 40. a5 Rd8 41. a6 g4 42. hxg4 Bg5 43. Rg7 Rd2+ 44. Ke1 Rxc2 45. a7 1-0

[Event "RA Spring op"]
[Site "Ottawa CAN"]
[Date "1997.03.15"]
[Round "2"]
[White "Djerkovic, Miladin"]
[Black "Pacey, Kevin"]
[Result "1-0"]
[WhiteElo "2354"]
[BlackElo "2220"]
[PlyCount "71"]
[GameId "2160767911966297"]
[EventDate "1997.03.15"]
[EventType "swiss"]
[EventRounds "5"]
[EventCountry "CAN"]

1. e4 e6 2. d4 d5 3. Nc3 Bb4 4. e5 Ne7 5. a3 Bxc3+ 6. bxc3 c5 7. Qg4 Qc7 8. Qxg7 Rg8 9. Qxh7 cxd4 10. Ne2 Nbc6 11. f4 Bd7 12. Qd3 dxc3 13. Qxc3 Nf5 14. Rb1 O-O-O 15. Rg1 d4 16. Qd3 f6 17. g4 Nh4 18. exf6 Be8 19. Rg3 Bf7 20. g5 Nf5 21. Rh3 Bg6 22. Qc4 Rge8 23. Bg2 Nd6 24. Qa4 Be4 25. Bxe4 Nxe4 26. Qc4 Qa5+ 27. Kf1 Qf5 28. Rhb3 d3 29. cxd3 Qh3+ 30. Ke1 Qh4+ 31. Kd1 Nd6 32. Qc5 Qxh2 33. Qg1 Qh5 34. Qg2 Qg6 35. Bd2 Rd7 36. Qxc6+ 1-0

[Event "RA Spring op"]
[Site "Ottawa CAN"]
[Date "1997.03.16"]
[Round "4"]
[White "Cote, Jacques"]
[Black "Palsson, Halldor"]
[Result "1-0"]
[WhiteElo "2123"]
[BlackElo "2107"]
[PlyCount "39"]
[GameId "2160767911966300"]
[EventDate "1997.03.15"]
[EventType "swiss"]
[EventRounds "5"]
[EventCountry "CAN"]
[SourceTitle "CFC 1997.06"]

1. e4 e6 2. d4 d5 3. Nc3 Bb4 4. Nge2 dxe4 5. a3 Be7 6. Nxe4 Nc6 7. Qd3 Nf6 8. Bf4 b6 9. O-O-O Nd5 10. Qg3 Nxf4 11. Nxf4 O-O 12. d5 exd5 13. Nh5 g6 14. Rxd5 Bd6 15. Nhf6+ Kg7 16. Qc3 Ne5 17. Rxe5 Bxe5 18. Qxe5 Bf5 19. Ne8+ Kh6 20. Qg7+ 1-0

[Event "RA Spring op"]
[Site "Ottawa CAN"]
[Date "1997.03.16"]
[Round "4"]
[White "Ferguson, Peter"]
[Black "Pacey, Kevin"]
[Result "1-0"]
[WhiteElo "2234"]
[BlackElo "2220"]
[PlyCount "75"]
[GameId "2160767911966301"]
[EventDate "1997.03.15"]
[EventType "swiss"]
[EventRounds "5"]
[EventCountry "CAN"]

1. g3 d5 2. f4 g6 3. Bg2 Bg7 4. Nf3 Nh6 5. O-O O-O 6. d3 d4 7. c3 Nc6 8. Qe1 Qd6 9. h3 f5 10. Qf2 Nf7 11. Rd1 Rb8 12. e4 dxc3 13. e5 cxb2 14. Bxb2 Qb4 15. d4 Qb6 16. Nc3 Rd8 17. a4 a6 18. Ba3 Qa5 19. Qe3 e6 20. Ne1 Bf8 21. Bxf8 Kxf8 22. d5 Ne7 23. dxe6 Bxe6 24. Rxd8+ Nxd8 25. Rd1 Ndc6 26. Nf3 h6 27. Nd4 Nxd4 28. Qxd4 Kf7 29. Kh2 Nc6 30. Qe3 Ne7 31. h4 b5 32. Bd5 Nxd5 33. Rxd5 Qb6 34. Rc5 b4 35. a5 Qb7 36. Na4 Rc8 37. Qc1 Bd5 38. Nb6 1-0

[Event "RA Summer Pickup #1"]
[Site "Ottawa CAN"]
[Date "1997.05.01"]
[Round "1"]
[White "Cohen, David"]
[Black "Laszlo, Robert"]
[Result "1/2-1/2"]
[WhiteElo "1979"]
[BlackElo "1938"]
[PlyCount "161"]
[GameId "2160767911966093"]
[EventDate "1997.05.01"]
[EventType "swiss"]
[EventRounds "6"]
[EventCountry "CAN"]

1. d4 Nf6 2. Nf3 d5 3. c4 e6 4. Nc3 c6 5. Bg5 Be7 6. e3 Ne4 7. Bxe7 Qxe7 8. Bd3 f5 9. Ne5 Qh4 10. g3 Qh3 11. Bf1 Qh6 12. Bg2 O-O 13. Qe2 Nd7 14. Nxd7 Bxd7 15. Nxe4 fxe4 16. O-O Rf5 17. f3 exf3 18. Bxf3 dxc4 19. Rae1 Raf8 20. e4 R5f7 21. e5 Qg6 22. Rf2 Qd3 23. Qxd3 cxd3 24. Ref1 d2 25. Bd1 c5 26. Rxf7 Rxf7 27. Rxf7 Kxf7 28. dxc5 Kg6 29. Kf2 Kf5 30. Ke3 Kxe5 31. Kxd2 Kd4 32. b4 e5 33. a3 e4 34. Bb3 e3+ 35. Ke2 Bb5+ 36. Ke1 Kc3 37. Bd1 Kb2 38. a4 Bd7 39. b5 Kc3 40. Bf3 Kd4 41. c6 bxc6 42. Bxc6 Bg4 43. Bg2 Kc5 44. h3 Be6 45. Ke2 Kd4 46. g4 Bb3 47. a5 Bc4+ 48. Ke1 Bxb5 49. Bb7 Ke5 50. Bc8 Kf4 51. h4 h5 52. gxh5 Kg3 53. Be6 Kxh4 54. Bf7 Kg5 55. Bg6 Kf4 56. Bf7 Ke5 57. Bg6 Kd4 58. Bf5 Ba6 59. Bg4 Kc5 60. Be2 Bxe2 61. Kxe2 Kd4 62. a6 Ke4 63. Ke1 Kf3 64. Kf1 Kg4 65. Ke2 Kxh5 66. Kxe3 g5 67. Kf3 Kh4 68. Kg2 Kg4 69. Kh2 Kf3 70. Kh3 g4+ 71. Kh2 g3+ 72. Kh1 Ke4 73. Kg2 Kf4 74. Kg1 Ke5 75. Kg2 Kd4 76. Kxg3 Kc5 77. Kf2 Kb5 78. Ke3 Kxa6 79. Kd2 Ka5 80. Kc2 Ka4 81. Kb2 1/2-1/2